000 01026nmm a2200349 a 4500
003 AR-BaBNM
005 20251128202818.0
008 016019s1993 ||||||||||||||000 | spa||
020 _a950-538-132-8
040 _cAR-BaBNM
100 1 _aFloria, Carlos Alberto
245 1 0 _aHistoria de los argentinos
_n2
260 _aBuenos Aires
_bLarousse
_c1993
300 0 _a513 p.
_bil., tablas, mapas
500 0 _aOrientación bibliográfica: p. 507-513
650 4 _aHISTORIA ARGENTINA
650 4 _aPERIODO INDEPENDIENTE
650 4 _aROSAS Y SU TIEMPO
650 4 _aORGANIZACION NACIONAL
650 4 _aCONFEDERACION ARGENTINA
650 4 _aGUERRA DEL PARAGUAY
650 4 _aPRESIDENCIAS ARGENTINAS
650 4 _aREVOLUCION DE 1930
650 4 _a17 DE OCTUBRE DE 1945
650 4 _aREVOLUCION DE SETIEMBRE DE 1955
650 4 _aREVOLUCION DE 1966
650 4 _aREGRESO DE PERON
653 0 _aPROCESO DE REORGANIZACION NACIONAL
700 1 _aGarcía Belsunce, César A.
942 _cBK
998 _cEnrique
999 _c697
_d697